<?xml version="1.0" encoding="UTF-8"?>
<marc:record xmlns:marc="http://www.loc.gov/MARC21/slim">
   <marc:leader>00000nam a2200000 a 4500</marc:leader>
   <marc:datafield ind1="1" ind2=" " tag="100">
      <marc:subfield code="a">Morgenstern, Christian</marc:subfield>
      <marc:subfield code="4">aut</marc:subfield>
      <marc:subfield code="e">Verfasser/-in</marc:subfield>
   </marc:datafield>
   <marc:datafield ind1=" " ind2=" " tag="653">
      <marc:subfield code="a">Gedichte</marc:subfield>
   </marc:datafield>
   <marc:datafield ind1=" " ind2=" " tag="653">
      <marc:subfield code="a">Verse</marc:subfield>
   </marc:datafield>
   <marc:datafield ind1="0" ind2="0" tag="245">
      <marc:subfield code="a">Christian Morgenstern | Gedichte - Verse - Sprüche</marc:subfield>
   </marc:datafield>
   <marc:datafield ind1="0" ind2="0" tag="245">
      <marc:subfield code="c">Christian Morgenstern</marc:subfield>
   </marc:datafield>
   <marc:datafield ind1=" " ind2="1" tag="264">
      <marc:subfield code="a">Limassol</marc:subfield>
      <marc:subfield code="b">Lechner Publishing</marc:subfield>
      <marc:subfield code="c">1998</marc:subfield>
   </marc:datafield>
   <marc:datafield ind1="1" ind2=" " tag="520">
      <marc:subfield code="a">Dieser umfassende Querschnitt aus C. Morgen-&lt;br/&gt;stern's Gesamtwerk läßt einen Menschen mit  all seinen Problemen, seinen skurrilen Einfällen aber auch mit seinen pathetisch-tief-&lt;br/&gt;sinnigen Überlegungen vor uns erstehen. Es  gibt in der deutschen Literatur kaum einen  Dichter, der zwei so gegensätzliche Elemente  in sich vereinte. Morgenstern's Geist lebt  weiter: in den eigenen Versen, in den  Dichtungen der Dadaisten, in den Figuren des  Joachim Ringelnatz. Ihm eiferten viele nach,  ihn übertraf kaum einer. Den Beweis liefert  dieser Band.&lt;br/&gt;</marc:subfield>
   </marc:datafield>
   <marc:datafield ind1=" " ind2=" " tag="041">
      <marc:subfield code="a">ger</marc:subfield>
   </marc:datafield>
   <marc:datafield ind1="1" ind2=" " tag="521">
      <marc:subfield code="a">0</marc:subfield>
   </marc:datafield>
   <marc:datafield ind1=" " ind2=" " tag="300">
      <marc:subfield code="a">626 S.</marc:subfield>
   </marc:datafield>
</marc:record>
